Social Distortion Discography - Statistics

General Stats
  • This quiz has been taken 7 times
  • The average score is 10 of 14
Answer Stats
Type Year Name % Correct
Compilation 2007 Greatest Hits
100%
Album 2011 Hard Times and Nursery Rhymes
100%
Live Album 1998 Live at the Roxy
100%
Album 1983 Mommy's Little Monster
100%
Album 1988 Prison Bound
100%
Album 2004 Sex, Love, and Rock 'n' Roll
100%
Album 1990 Social Distortion
100%
Album 1992 Somewhere Between Heaven and Hell
100%
Album 1996 White Light, White Heat, White Trash
100%
Compilation 1995 Mainliner: Wreckage from the Past
80%
Collaborative Compilation 1981 Hell Comes to Your House
20%
EP 1990 Story of My Life...And Other Stories
20%
Video Album 2004 Live in Orange County
0%
Collaborative Compilation 1995 Posh Hits Vol. 1
0%
No matching quizzes found
Score Distribution
Percent of People with Each Score
Percentile by Number Answered
Your Score History
You have not taken this quiz